000 00501nam a2200145 i 4500
001 42422
003 ES-MaACL
007 t|
008 030321s1887 sp ||||1| spa d
110 2 _aCompañía Trasatlántica Española.
_93125
245 1 0 _aLíneas de las Antillas, de Méjico, de New-York y de Colón /
_cCompañía Trasatlántica (antes A. López y Cª).
260 _aBarcelona :
_b[s.n.,
_c1887 ?]
300 _a72 p., [5] h. pleg. de planos de barcos ;
_c22 cm.
852 _aES-MaACL
_jG-14139
999 _c42422
_d42422